| 000 | 00548nam a2200157 a 4500 | ||
|---|---|---|---|
| 008 | 120416s1977 ||||||||||||||||| || u | ||
| 020 | _a039525308x | ||
| 050 | _aQA 154.2 Gol | ||
| 100 | _aGold, Marvin | ||
| 245 | 1 | 0 | _aModern applied mathematics |
| 260 |
_aAtlanta _bHoughton Mifflin _c1977 |
||
| 300 | _aix,419p. : ill. | ||
| 350 | _a0.00 | ||
| 650 | 0 | _aMATHEMATICS--HANDBOOKS, MANUALS, ETC | |
| 995 |
_D0.00 _FCBU-MAIN LIBRARY (Kitwe) _H1 _I5.95 _M1 _ULOST _ZMain Library Open Access Collection |
||
| 999 |
_c51409 _d51409 |
||